000 00339nam a2200121Ia 4500
003 GCL
008 140319s9999 xx 000 0 ara d
040 _aGCL /
_cGCL
082 0 4 _aم
_b541.03
_bا م
245 1 0 _aمعجم الكيمياء والصيدلة
260 _a[S.N] :
_bمجمع اللغة العربية ،
_c1983
300 _a240 ص
999 _c59581
_d59581